Países más soleados - Estadísticas

Estadísticas generales
  • Esta prueba ha sido intentada 3.869 veces
  • La puntuación promedio es 14 de 20
Estadísticas de respuestas
% Continente País % Correcto
14,5 África Egipto
91%
28,1 Oceanía Australia
85%
21,0 África Argelia
83%
22,6 Asia Arabia Saudita
82%
21,4 África Sudán
82%
17,7 África Libia
80%
25,1 África Níger
80%
20,6 África Chad
79%
26,1 Asia Omán
76%
24,4 Asia Irak
75%
23,0 Asia Catar
74%
22,3 Asia Emiratos Árabes Unidos
73%
25,5 África Sudáfrica
69%
27,5 África Mauritania
68%
28,7 Asia Israel
65%
21,1 Asia Jordania
62%
24,4 Asia Baréin
58%
24,0 África Namibia
57%
23,9 África Botsuana
48%
28,5 África Yibuti
43%
No se encontraron pruebas coincidentes
Distribución de puntuación
Porcentaje de gente con cada puntuación
Porcentaje por número respondido
Historial de tus puntuaciones
No has intentado esta prueba.